[Event "Cheadle op 1st"]
[Site "Cheadle"]
[Date "2025.02.04"]
[Round "1"]
[White "Doherty, Paul D"]
[Black "Longson, Alexander"]
[Result "0-1"]
[WhiteElo "1835"]
[BlackElo "2243"]
[PlyCount "96"]
[EventDate "2025.02.04"]
[EventType "swiss"]
[EventRounds "6"]
[EventCountry "ENG"]
[SourceTitle "CB07_2025"]
[SourceDate "2025.02.12"]
[SourceVersion "1"]
[SourceVersionDate "2025.02.12"]
[SourceQuality "1"]

1. e4 e5 2. Bc4 Nf6 3. d3 Nc6 4. f4 exf4 5. Nc3 Bb4 6. Bxf4 d5 7. exd5 Nxd5 8. Bd2 Bxc3 9. bxc3 0-0 10. Nf3 Re8+ 11. Kf2 Qd6 12. h3 Qc5+ 13. Kf1 h6 14. Bxd5 Qxd5 15. Kg1 b6 16. Kh2 Bb7 17. Re1 Ne5 18. Re3 Re6 19. Kh1 Nxf3 20. Rxf3 Qh5 21. Re3 Qd5 22. Rf3 Rae8 23. Qf1 Re2 24. Rf2 Rxf2 25. Qxf2 Qxg2+ 26. Qxg2 Bxg2+ 27. Kxg2 Re2+ 28. Kf3 Rxd2 29. Rc1 Rh2 30. Kg3 Re2 31. Kf3 Re5 32. Rb1 Ra5 33. Rb2 f5 34. c4 Kf7 35. c3 Kf6 36. h4 g6 37. Rg2 Re5 38. d4 Re1 39. Rc2 g5 40. hxg5+ hxg5 41. Rh2 Kg6 42. Rh8 Rc1 43. Rg8+ Kf6 44. Rf8+ Kg6 45. Rg8+ Kh6 46. Rf8 Rxc3+ 47. Ke2 Kg6 48. Rg8+ Kh5 0-1

[Event "Cheadle op 1st"]
[Site "Cheadle"]
[Date "2025.02.04"]
[Round "2"]
[White "Plotnikov, Matvii"]
[Black "Doherty, Paul D"]
[Result "1-0"]
[WhiteElo "1688"]
[BlackElo "1835"]
[PlyCount "83"]
[EventDate "2025.02.04"]
[EventType "swiss"]
[EventRounds "6"]
[EventCountry "ENG"]
[SourceTitle "CB07_2025"]
[SourceDate "2025.02.12"]
[SourceVersion "1"]
[SourceVersionDate "2025.02.12"]
[SourceQuality "1"]

1. Nf3 f5 2. c4 Nf6 3. g3 e6 4. Bg2 Be7 5. 0-0 0-0 6. b3 d6 7. d3 Nc6 8. Bb2 Qe8 9. Nbd2 Qh5 10. a3 e5 11. Qc2 Bd7 12. b4 Nd8 13. a4 Ne6 14. c5 Rac8 15. e4 f4 16. d4 exd4 17. e5 dxe5 18. Rae1 fxg3 19. fxg3 Ng4 20. Nc4 Bf6 21. h3 Ne3 22. Nxe3 dxe3 23. Rxe3 Nd4 24. Nxd4 exd4 25. Qc4+ Kh8 26. g4 Qf7 27. Bd5 Qg6 28. Bxd4 Bxd4 29. Qxd4 Rxf1+ 30. Kxf1 Qb1+ 31. Kg2 Rf8 32. Rf3 Re8 33. Qf2 h6 34. Rf8+ Rxf8 35. Qxf8+ Kh7 36. Bg8+ Kg6 37. Qf7+ Kg5 38. Qxg7+ Kf4 39. Qxh6+ Ke5 40. Qg7+ Kf4 41. Qf6+ Ke3 42. Qf2+ 1-0